| 000 | 01123nam a22002535a 4500 | ||
|---|---|---|---|
| 999 |
_c27553 _d27524 |
||
| 003 | EG-ScBUE | ||
| 005 | 20190620103456.0 | ||
| 008 | 190620s2016 ua gr 000 0 ara d | ||
| 040 |
_aEG-ScBUE _bara _cEG-ScBUE _dEG-ScBUE |
||
| 082 | 0 | 4 |
_a297.204 _bج م ع _222 |
| 100 | 1 | _aجمعة، محمد مختار. | |
| 245 | 1 | 0 |
_aفي رحاب فن المقال : _bأسئلة مشروعة وأخرى ممنوعة / _cمحمد مختار جمعة. |
| 260 |
_aالقاهرة : _bوزارة الأوقاف، المجلس الأعلى للشئون الإسلامية، _c2016. |
||
| 300 |
_a227 ص. ؛ _c22 سم. |
||
| 490 |
_aدراسات إسلامية ؛ _v225 |
||
| 541 |
_aMr. Samy El-Masry ; _cDonation ; |
||
| 650 | 7 |
_aالإسلام _xجوانب اجتماعية _vمقالات ومحاضرات. _2BUEsh |
|
| 650 | 7 |
_aالإسلام _xجوانب سياسية _vمقالات ومحاضرات. _2BUEsh |
|
| 650 | 7 |
_aالإسلام _xجوانب اقتصادية _vمقالات ومحاضرات. _2BUEsh |
|
| 650 | 7 |
_aالأخلاق الإسلامية. _2BUEsh |
|
| 651 | _2BUEsh | ||
| 653 |
_bGGEN _cJune2019 |
||
| 942 | _2ddc | ||